000 00727nam a22002057a 4500
999 _c13709
_d13709
003 AR-CdUCM
008 190416b ||||| |||| 00| 0 spa d
020 _a978-607-404-676-2
040 _aMUNICIPALIDAD PROVINCIAL DEL CUSCO
_cBIBLIOTECA MUNICIPAL DEL CUSCO
082 _aES / 803 /
_bT12
100 _aTic, Thomas
_932208
245 _aHistorias clásicas de ciencia ficción /
260 _aMéxico :
_bSilver Dolphin,
_c2014.
300 _a512 páginas ;
_c22 cm.
505 _aContenido :Fuera de este mundo -- De otros tiempos -- La mente del científico -- El otro -- Un futuro imperfecto ...
650 _aCiencia ficción
_91624
650 _aLa materia
_932209
942 _2ddc
_cLIBROS
945 _arum
_d2019-04-16